Proyecto de obras de defensa contra las inundaciones en el Valle del Segura (Record no. 54931)

MARC details
000 -LEADER
campo de control de longitud fija 00926nam a2200217 i 4500
001 - NÚMERO DE CONTROL
campo de control 54931
003 - IDENTIFICADOR DE NÚMERO DE CONTROL
campo de control ES-MaACL
005 - FECHA Y HORA DE LA ÚLTIMA TRANSACCIÓN
campo de control 20230906163042.0
007 - CAMPO FIJO DE DESCRIPCIÓN FÍSICA--INFORMACIÓN GENERAL
campo de control de longitud fija t|
008 - DATOS DE LONGITUD FIJA--INFORMACIÓN GENERAL
campo de control de longitud fija 960806s1887 sp ||||1| spa d
040 ## - FUENTE DE CATALOGACIÓN
Centro catalogador/agencia de origen CARM
Lengua de catalogación spa
Centro/agencia transcriptor CCPB | SIC
100 1# - ENTRADA PRINCIPAL--NOMBRE DE PERSONA
Nombre de persona García Hernández, Ramón.
9 (RLIN) 54761
245 10 - MENCIÓN DEL TÍTULO
Título Proyecto de obras de defensa contra las inundaciones en el Valle del Segura
Resto del título ] : Tomo I[II y III] : Memoria / [por los] Ingenieros: Don Ramón Garcia [y Hernandez] y Don Luis Gaztelu [Maritorena].
260 ## - PUBLICACIÓN, DISTRIBUCIÓN, ETC.
Lugar de publicación, distribución, etc. Murcia :
Nombre del editor, distribuidor, etc. [s.n.],
Fecha de publicación, distribución, etc. 1887 (
Fabricante tip. de las provincias de Levante)
300 ## - DESCRIPCIÓN FÍSICA
Extensión 3 v. ;
Dimensiones 21 cm.
500 ## - NOTA GENERAL
Nota general Los segundos apellidos de los autores constan en la segunda hoja del tomo 1º.
505 8# - NOTA DE CONTENIDO CON FORMATO
Nota de contenido con formato Contiene: t. I-III. [Texto] (LXX, 124 ; 134 ; 115 p.)
650 #4 - PUNTO DE ACCESO ADICIONAL DE MATERIA--TÉRMINO DE MATERIA
Término de materia o nombre geográfico como elemento de entrada Inundaciones-
Subdivisión general Prevención-
Subdivisión geográfica Segura (España, Valle)
9 (RLIN) 156679
700 1# - ENTRADA AGREGADA--NOMBRE PERSONAL
Nombre de persona Gaztelu, Luis.
9 (RLIN) 56172
852 ## - LOCALIZACIÓN
Ubicación ES-MaACL
Número de control de estantería T-739-F-1-3
Holdings
Estatus retirado Estado de pérdida Estado de daño No para préstamo Colección Biblioteca de origen Biblioteca actual Ubicación en estantería Fecha de adquisición Fuente de adquisición Total de préstamos Signatura topográfica completa Código de barras Visto por última vez Precio de reemplazo Tipo de ítem Koha
        Colección de folletos Biblioteca del Ateneo de Madrid Biblioteca del Ateneo de Madrid Depósito folletos 17/01/2008     T-739-F-1-3 1057725 23/02/2023 23/02/2023 Folleto